[Event "TUR Cup"]
[Site "Antalya"]
[Date "2017.02.02"]
[Round "8"]
[White "Kozlu, Cahit Ali"]
[Black "Tanriverdi, Enes"]
[Result "0-1"]
[WhiteElo "1872"]
[BlackElo "2071"]
[PlyCount "56"]
[EventDate "2017.01.28"]
[EventType "swiss"]
[EventRounds "11"]
[EventCountry "TUR"]
[SourceTitle "CBM 176 Extra"]
[Source "ChessBase"]
[SourceDate "2017.03.02"]
[SourceVersion "1"]
[SourceVersionDate "2017.03.02"]
[SourceQuality "1"]

1. e4 c5 2. Nf3 e6 3. c3 d5 4. exd5 Qxd5 5. d4 Nf6 6. Na3 Nc6 7. Be3 cxd4 8. Nb5 Qd8 9. Nbxd4 Nd5 10. Nxc6 bxc6 11. Bd4 f6 12. Bd3 Bd6 13. c4 Nf4 14. Be4 Nxg2+ 15. Kf1 Nf4 16. Bxc6+ Kf7 17. Be3 Rb8 18. Qa4 a5 19. Rd1 Rb4 20. Bxf4 Rxa4 21. Rxd6 Qc7 22. Bb5 Rxc4 23. Rd4 Qxf4 24. Rxc4 Qxf3 25. Rc7+ Kg6 26. Rg1+ Kh6 27. Rc3 Qd1+ 28. Kg2 Qd5+ 0-1

[Event "TUR Cup"]
[Site "Antalya"]
[Date "2017.02.01"]
[Round "7"]
[White "Dogdu, Mehmet"]
[Black "Kozlu, Cahit Ali"]
[Result "0-1"]
[WhiteElo "2005"]
[BlackElo "1872"]
[PlyCount "24"]
[EventDate "2017.01.28"]
[EventType "swiss"]
[EventRounds "11"]
[EventCountry "TUR"]
[SourceTitle "CBM 176 Extra"]
[Source "ChessBase"]
[SourceDate "2017.03.02"]
[SourceVersion "1"]
[SourceVersionDate "2017.03.02"]
[SourceQuality "1"]

1. e4 e5 2. d4 Nc6 3. d5 Nce7 4. f4 exf4 5. Bxf4 Ng6 6. Bg3 Nf6 7. Bd3 Bc5 8. Nc3 d6 9. h3 0-0 10. Qf3 Nd7 11. 0-0-0 Nde5 12. Qe2 Qg5+ 0-1

[Event "TUR Cup"]
[Site "Antalya"]
[Date "2017.01.31"]
[Round "6"]
[White "Kozlu, Cahit Ali"]
[Black "Isik, Alparslan"]
[Result "1/2-1/2"]
[WhiteElo "1872"]
[BlackElo "1839"]
[PlyCount "119"]
[EventDate "2017.01.28"]
[EventType "swiss"]
[EventRounds "11"]
[EventCountry "TUR"]
[SourceTitle "CBM 176 Extra"]
[Source "ChessBase"]
[SourceDate "2017.03.02"]
[SourceVersion "1"]
[SourceVersionDate "2017.03.02"]
[SourceQuality "1"]

1. e4 c5 2. Nf3 d6 3. Bb5+ Nd7 4. 0-0 a6 5. Bd3 Ngf6 6. Re1 g6 7. c3 Bg7 8. Bc2 0-0 9. d4 e5 10. Nbd2 b5 11. a4 Bb7 12. d5 c4 13. b3 cxb3 14. Nxb3 Qc7 15. Bb2 bxa4 16. Rxa4 Nb6 17. Ra1 Nc4 18. Ba3 Bh6 19. Bc1 Bxc1 20. Qxc1 a5 21. Nbd2 Rfc8 22. Nxc4 Qxc4 23. Ra3 Nd7 24. Qh6 Nf8 25. h4 Qc5 26. Rea1 Qc7 27. h5 Qd8 28. Bd3 Rc5 29. hxg6 hxg6 30. g3 Bc8 31. Kg2 Rb8 32. c4 Bd7 33. Ng5 a4 34. Rh1 Qf6 35. Be2 Qg7 36. Qxg7+ Kxg7 37. Rha1 Rc7 38. Nf3 Rb2 39. R1a2 Rcb7 40. Rxb2 Rxb2 41. Bd1 Rb4 42. Nd2 Rb2 43. Nf3 Rb8 44. Nd2 Nh7 45. Kf3 Nf6 46. Ke3 Ne8 47. Ra2 Ra8 48. Nb1 Nc7 49. Nc3 a3 50. Nb1 Ba4 51. Bxa4 Rxa4 52. Rxa3 Rxc4 53. Rc3 Rxc3+ 54. Nxc3 f5 55. f4 Kf6 56. Kf3 g5 57. exf5 gxf4 58. gxf4 Kxf5 59. Ne4 exf4 60. Nxd6+ 1/2-1/2